| 000 | 00715nam a2200229 a 4500 | ||
|---|---|---|---|
| 999 |
_c2504 _d2504 |
||
| 001 | 2504 | ||
| 003 | BD-JhCC | ||
| 005 | 20171104093202.0 | ||
| 008 | 171104s2009 bg |||| |||| 000 0 ben d | ||
| 020 | _a9848685308 | ||
| 035 | _a(BD-JhCC)2504 | ||
| 040 |
_aBD-JhCC _dBD-JhCC |
||
| 041 | _aben | ||
| 082 |
_a954.9205 _bNAZ 2009 |
||
| 100 | _aনজরুল, আসিফ | ||
| 245 |
_aযুদ্ধাপরাধীর বিচার জাহানারা ইমামের চিঠি / _cআসিফ নজরুল |
||
| 260 |
_aঢাকা : _bঅন্যপ্রকাশ, _c2009. |
||
| 300 |
_a87 p. : _c22 cm. |
||
| 650 |
_aHistory of Bangladesh _y1971 |
||
| 942 |
_2ddc _cBK |
||